00540nam a22001577a 4500020000800000040001600008082001600024100003400040245010300074250001200177260003100189300003300220942001200253999001900265952009800284 qPB. cFIZZA ISHAQ a941.08bMAN aManchester , William.927045 aThe Last Lion Winston Spencer Churchill *Vol.I* Visions of Glory 1874-1932 /c William Manchester. aVol : I aNew York:b Bantam,c1993. a973 P. ;c5.4 x 2 x 8 inches 2ddccBK c617026d617026 00102ddc4070aNQCbNQCcREFd2026-04-14l0o941.08 MANpQD-919r2026-04-14w2026-04-14yBK